Normal view
MARC view
- MATHEMATICAL OPTIMIZATION-DATA PROCESSING PASCAL-COMPUTER PROGRAM
Entry Topical Term
001 - CONTROL NUMBER
- control field: 74241
003 - CONTROL NUMBER IDENTIFIER
- control field: NUST
005 - DATE AND TIME OF LATEST TRANSACTION
- control field: 20210628205151.0
008 - FIXED-LENGTH DATA ELEMENTS
- fixed length control field: 210628|| aca||aabn | a|a d
040 ## - CATALOGING SOURCE
- Original cataloging agency: NUST
- Transcribing agency: NUST
150 ## - HEADING--TOPICAL TERM
- Topical term or geographic name entry element: MATHEMATICAL OPTIMIZATION-DATA PROCESSING PASCAL-COMPUTER PROGRAM
670 ## - SOURCE DATA FOUND
- Source citation: Work cat.: (NUST): BUNDAY, BRAIN.D,GARSIDE, GERALD.R 74240, OPTIMISATION METHODS IN PASCAL, 1987
